Music Quiz

Random Music or Artist Quiz

Billboard Hot 100 3/22/14 Quiz Stats

 Plays Quiz not verified by Sporcle

Score 0/50 Timer 07:00
0 Plays Today
Artist(s) Song % Correct
Pharrell WilliamsHappy
100%
LordeRoyals
89.2%
Katy Perry ft. Juicy JDark Horse
89.2%
AviciiWake Me Up!
86.5%
OneRepublicCounting Stars
86.5%
Ellie GouldingBurn
81.1%
PassengerLet Her Go
81.1%
A Great Big World & Christina Aguilera Say Something
81.1%
Pitbull ft. KeshaTimber
81.1%
Imagine DragonsRadioactive
78.4%
One DirectionStory Of My Life
78.4%
Lorde Team
78.4%
Eminem ft. RihannaThe Monster
75.7%
BastillePompeii
75.7%
Robin Thicke ft. T.I. & PharrellBlurred Lines
73%
Miley CyrusWrecking Ball
73%
Idina MenzelLet It Go
70.3%
Beyonce ft. Jay ZDrunk in Love
70.3%
Katy Perry Roar
67.6%
Imagine DragonsDemons
64.9%
Jason Derulo ft. 2 ChainzTalk Dirty
64.9%
John LegendAll Of Me
62.2%
Sara BareillesBrave
59.5%
AWOLNATIONSail
54.1%
AviciiHey Brother
54.1%
Artist(s) Song % Correct
Aloe BlaccThe Man
51.4%
Shakira ft. RihannaCan't Remember To Forget You
45.9%
American AuthorsBest Day Of My Life
45.9%
Miley CyrusAdore You
40.5%
Drake ft. Majid JordanHold On, We're Going Home
40.5%
Martin GarrixAnimals
40.5%
Bruno MarsYoung Girls
35.1%
The Chainsmokers#SELFIE
35.1%
ColdplayMagic
35.1%
John NewmanLove Me Again
32.4%
BeyoncePartition
32.4%
DJ Snake & Lil JonTurn Down For What
29.7%
Kid Ink ft. Chris BrownShow Me
27%
Demi LovatoNeon Lights
21.6%
Lady AntebellumCompass
18.9%
YG ft. Jeezy & Rich Homie QuanMy Hitta
18.9%
Keith UrbanCop Car
16.2%
Florida Georgia Line ft. Luke BryanThis Is How We Roll
16.2%
Brantley GilbertBottoms Up
16.2%
Trey SongzNa Na
10.8%
Chris Brown ft. Lil Wayne & French Montana Or & Too $hort Loyal
10.8%
Dierks BentleyI Hold On
8.1%
Jason AldeanWhen She Says Baby
8.1%
Blake SheltonDoin' What She Likes
8.1%
Ty Dolla $ign ft. BoBParanoid
5.4%

You're not logged in!

Compare scores with friends on all Sporcle quizzes.
OR
Log In

Show Comments

Extras

Top Quizzes Today


Score Distribution

Your Account Isn't Verified!

In order to create a playlist on Sporcle, you need to verify the email address you used during registration. Go to your Sporcle Settings to finish the process.

Report this User

Report this user for behavior that violates our Community Guidelines.

Details: